Normal view
MARC view
Entry Personal Name
001 - CONTROL NUMBER
- control field: 59482
003 - CONTROL NUMBER IDENTIFIER
- control field: OSt
005 - DATE AND TIME OF LATEST TRANSACTION
- control field: 20260223155423.0
008 - FIXED-LENGTH DATA ELEMENTS
- fixed length control field: 260223|| aca||aabn | a|a d
040 ## - CATALOGING SOURCE
- Original cataloging agency: OSt
- Transcribing agency: OSt
100 ## - HEADING--PERSONAL NAME
- Personal name: Shen, Ruowen
670 ## - SOURCE DATA FOUND
- Source citation: Work cat.: (OSt)528106: Shen, Ruowen , Regional governance and multiplex networks in environmental sustainability: An exponential random graph model analysis in the Chinese local government context
